000 00654nam a2200205 u 4500
005 20220817104734.0
008 141203s2006 mx r 000 0 spa d
020 _a9707561408
035 _aUPN01000201000
049 _aI
050 4 _aPZ13
_bW4.2
100 1 _aWestera, Bette,
_d1958-
_935603
245 1 3 _aUn abuelo inolvidable /
_cBette Westera ; il. Harmen van Straaten ; tr. María de Jesús Arbiza Díaz.
260 _aMéxico :
_bCorreo del Maestro,
_c2006.
300 _a[26] p. :
_bil. col.
650 4 _aCUENTOS INFANTILES HOLANDESES
_911170
650 7 _aAbuelos
_vLiteratura infantil
_2
_911576
905 _aInfantil
999 _c173101
_d173101